000 00326nam a2200133Ia 4500
100 _aDailley/Denton J
942 _cBK
654 _aoperational
245 _aOperational Amplifiers and Linear Integrated circuits
260 _bMcGraw Hill
_aNew York
_c1989
082 _a621.381535
_bSAI
300 _a418
546 _aENGLISH
999 _c28241
_d28241